| 000 | 00821cam a2200277 4500 | ||
|---|---|---|---|
| 001 | 980820 | ||
| 003 | ARRUPE | ||
| 005 | 20141002171543.0 | ||
| 008 | 750605s1960 xx 000 0 eng d | ||
| 035 | _a(OCoLC)ocm01375518 | ||
| 035 | _a(NNC)980820 | ||
| 040 |
_aOTC _cOTC _dm.c. _dZCU |
||
| 090 |
_aBJ43 _b.T6 1960 |
||
| 100 | 1 |
_aToulmin, Stephen, _d1922-2009. _912014 |
|
| 245 | 1 | 3 |
_aAn examination of the place of reason in ethics, _cby Stephen Edelston Toulmin. |
| 260 |
_aCambridge [Eng.] _bUniversity Press _c[1960] |
||
| 300 |
_axiv, 228 p. _c22 cm. |
||
| 500 | _aImprint date varies. | ||
| 500 | _aCover title: Reason in ethics. | ||
| 650 | 0 |
_aEthics. _912015 |
|
| 650 | 0 |
_aReason. _912016 |
|
| 740 | 0 | _aReason in ethics. | |
| 942 |
_2lcc _cMONOGRAPH |
||
| 948 | 1 |
_a20080320 _bc _csl13 _dMPS |
|
| 999 |
_c121063 _d121063 |
||